Please - Noah Kahan (All Lyrics) - Statistics

General Stats
  • This quiz has been taken 54 times
  • The average score is 304 of 372
Answer Stats
Lyrics % Correct
please
100%
a
95%
an
95%
And
95%
and
95%
For
95%
for
95%
give
95%
I
95%
I'm
95%
in
95%
me
95%
my
95%
My
95%
name
95%
So
95%
so
95%
the
95%
when
95%
When
95%
you
95%
your
95%
you're
95%
gone
91%
heart
91%
just
91%
need
91%
of
91%
pain
91%
softens
91%
someone,
91%
someone
91%
something
91%
tired
91%
to
91%
To
91%
'Cause
86%
chasing
86%
come
86%
dreams
86%
dreems
86%
is
86%
no
86%
undone
86%
up
86%
It's
82%
I've
82%
on
82%
wake
82%
depressive
77%
head
77%
how
77%
manic
77%
Maybe
77%
maybe
77%
not
77%
place
77%
am
73%
at
73%
At
73%
get
73%
homesick
73%
known
73%
never
73%
Oh
73%
Or
73%
or
73%
see
73%
stare
73%
all
68%
dogs
68%
headlights
68%
ocean
68%
pull
68%
restless,
68%
right
68%
stop
68%
stuck
68%
teeth
68%
this
68%
traffic
68%
want
68%
weak
68%
are
64%
awake
64%
become
64%
driving
64%
getting
64%
god,
64%
insane
64%
Insane
64%
keep
64%
laughing
64%
metaphor
64%
their
64%
till
64%
walk
64%
wide
64%
wires
64%
howls
59%
lost
59%
porch
59%
use
59%
with
59%
you've
59%
You've
59%
haven't
55%
fill
50%
Fill
50%
made
50%
mess
50%
state
50%
Believe
45%
By
45%
Cat
45%
"Father
45%
sleep
45%
Son"
45%
was
45%
evening
41%
fear
41%
hours
41%
Now
41%
out
41%
remember
41%
room
41%
Stevens
41%
Two
41%
what
41%
boredom
36%
four
36%
haunt
36%
minutes
36%
once
36%
pick
36%
showed
36%
frozen
32%
pieces
32%
desperate,
27%
recall
27%
tried
27%
emotion,
23%
ran
23%
reasons
23%
No matching quizzes found
Score Distribution
Percent of People with Each Score
Percentile by Number Answered
Your Score History
You have not taken this quiz